| 000 | 01701nam0a2200385 4500 | ||
|---|---|---|---|
| 001 | RU\NLR\bibl\1838330 | ||
| 005 | 20260607083138.0 | ||
| 010 |
_a978-5-89713-125-9 _9500 |
||
| 021 |
_aRU _b2011-86649 _96185 |
||
| 035 | _a(nilc)RSL-KNO-005074256 | ||
| 035 | _a(NLR Aleph) 001828802 | ||
| 090 |
_a2108967 _c2108967 |
||
| 100 | _a20111107d2011 |||y0rusy50 ca | ||
| 101 | 0 | _arus | |
| 102 | _aRU | ||
| 105 | _aa ||||||||| | ||
| 200 | 1 |
_aЧеловек в эпоху диалога культур (философские аналитики) _fГудрат Сейфи |
|
| 210 |
_aВолгоград _cИзд-во Волгоградского ин-та экономики, социологии и права _d2011 |
||
| 215 |
_a248 с. _cил., цв. ил., портр. _d21 |
||
| 300 | _aНа 2-й с. авт.: д-р философии, проф., акад. РАЕН Сейфуллаев Резванолла Султанович (известный по имени Гудрат Сейфи) | ||
| 320 | _aБиблиогр.: с. 216-234 и в подстроч. прим. | ||
| 606 | 1 |
_aСравнительная философия _91936658 _3RU\NLR\auth\661173018 |
|
| 606 | 1 |
_aМежкультурная коммуникация _xФилософские вопросы _92129733 _3RU\NLR\auth\661589014 |
|
| 686 |
_aЮ216,0 _2rubbk |
||
| 686 |
_aЮ3,232,0 _2rubbk |
||
| 686 | _aЮ3,232 | ||
| 686 | _aС550.2 | ||
| 700 | 1 |
_4070 _7ca _8rus _aСейфи _bГ. _f1940- _gГудрат _9124191 _3RU\NLR\auth\7714519 |
|
| 801 | 0 |
_aRU _bRuMoRKP _c20111107 _grcr |
|
| 801 | 1 |
_aRU _bРГБ _c20111107 |
|
| 801 | 2 |
_aRU _bNLR _c20111124 _grcr |
|
| 942 | _cBOOK | ||
| 980 | _aNB | ||
| 980 | _aNBR | ||